| 000 | 00526nam a2200145Ia 4500 | ||
|---|---|---|---|
| 008 | 170221s9999 xx 000 0 und d | ||
| 100 | _aXiaotian Zhu | ||
| 245 | _aEarnings management through real activities manipulation before mergers and acquisitions | ||
| 245 | _cXiaotian Zhu, Credit Suisse Securities; Shuoyi Lu, University of Delaware. | ||
| 260 | _bJournal of Management and Marketing Research | ||
| 260 | _c2012 | ||
| 300 | _a32 : 16 | ||
| 650 | _xBusiness | ||
| 856 | _uhttp://www.aabri.com/manuscripts/131530.pdf | ||
| 999 |
_c311372 _d311372 |
||